000 00466nam a22001457a 4500
008 150129b xxu||||| |||| 00| 0 eng d
020 _a9782343017051
050 _aLC493.K14 2013
100 _aKalubi, Augustin N.
_914794
245 _aVision Et Leadership D'ignace De Loyola
_bpour une education de qualite
_cAugustine N. Kalubi
260 _aParis
_bL'Harmattan
_c2013
300 _a192p. ;
_c22cm.
650 _aJesuits
_xeducation
_97265
942 _2lcc
_cMONOGRAPH
999 _c121941
_d121941